Семнадцать мгновений весны: политическая хроника: повесть

Detalhes bibliográficos
Autor principal: Семенов Ю. С. Юлиан Семенович
Outros Autores: Ахметьянова Л. (редактор)
Idioma:russo
Publicado em: Душанбе, Маориф, 1985
Assuntos:
Formato: MixedMaterials Livro
KOHA link:https://koha.lib.tpu.ru/cgi-bin/koha/opac-detail.pl?biblionumber=370513

MARC

LEADER 00000nam0a2200000 4500
001 370513
005 20231102012304.0
035 |a (RuTPU)RU\TPU\retro\27922 
090 |a 370513 
100 |a 20220707d1985 m y0rusy50 ca 
101 0 |a rus 
102 |a RU 
105 |a a z 000ay 
200 1 |a Семнадцать мгновений весны: политическая хроника  |e повесть  |f Ю. С. Семенов  |g под ред. Л. Ахметьяновой 
210 |a Душанбе  |c Маориф  |d 1985 
215 |a 336 с.  |c ил. 
606 1 |a Русская литература современная  |2 stltpush  |3 (RuTPU)RU\TPU\subj\26373  |9 50316 
610 1 |a художественная литература 
610 1 |a советская литература 
610 1 |a повести 
610 1 |a разведка 
610 1 |a разведчики 
675 |a Р2  |v 4 
700 1 |a Семенов  |b Ю. С.  |g Юлиан Семенович  |4 070 
702 1 |a Ахметьянова  |b Л.  |4 340 
801 1 |a RU  |b 63413507  |c 20220707 
801 2 |a RU  |b 63413507  |c 20230130  |g RCR 
942 |c BK